000 00941cab a22002415a 4500
001 L153173
008 110620e20110425xxk f 000 0 eng d
035 _a(Sirsi) u153173
041 0 _aeng
100 1 _aWright, Emily
245 0 0 _aSalary survey
_bexpect the exodus
260 _c2011
490 0 _aBuilding
_v276(8683) 17 June 2011, 32-37(6)
520 _aComments on the results of this year's Hays Salary Survey; case studies from New Zealand and Australia; snapshots of the Hays 2011 International Salary Guide for a project manager, quantity surveyor, civil engineer, architect and structrual engineer.
590 _aKA
650 2 4 _aBUILDING/PSB HOUSEBUILDERS' SALARY SURVEY
651 4 _aUnited Kingdom
_y
651 4 _aNew Zealand
_y1947-
651 4 _aAustralia
690 _aMANAGEMENT-BUSINESS MANAGEMENT-HUMAN RESOURCE MANAGEMENT
690 _aCAREERS, EDUCATION AND TRAINING-SURVEYING APPOINTMENTS
942 _n0
999 _c83216
_d83216